|
|
|
|
| LEADER |
03318nam a22005775i 4500 |
| 001 |
978-0-387-68648-6 |
| 003 |
DE-He213 |
| 005 |
20151204161911.0 |
| 007 |
cr nn 008mamaa |
| 008 |
100301s2008 xxu| s |||| 0|eng d |
| 020 |
|
|
|a 9780387686486
|9 978-0-387-68648-6
|
| 024 |
7 |
|
|a 10.1007/978-0-387-68648-6
|2 doi
|
| 040 |
|
|
|d GrThAP
|
| 050 |
|
4 |
|a TA703-705.4
|
| 050 |
|
4 |
|a TA775-787
|
| 050 |
|
4 |
|a TC1-1800
|
| 072 |
|
7 |
|a RBP
|2 bicssc
|
| 072 |
|
7 |
|a RBGK
|2 bicssc
|
| 072 |
|
7 |
|a SCI042000
|2 bisacsh
|
| 082 |
0 |
4 |
|a 624.15
|2 23
|
| 100 |
1 |
|
|a Chaudhry, M. Hanif.
|e author.
|
| 245 |
1 |
0 |
|a Open-Channel Flow
|h [electronic resource] /
|c by M. Hanif Chaudhry.
|
| 264 |
|
1 |
|a Boston, MA :
|b Springer US,
|c 2008.
|
| 300 |
|
|
|a XVI, 523 p.
|b online resource.
|
| 336 |
|
|
|a text
|b txt
|2 rdacontent
|
| 337 |
|
|
|a computer
|b c
|2 rdamedia
|
| 338 |
|
|
|a online resource
|b cr
|2 rdacarrier
|
| 347 |
|
|
|a text file
|b PDF
|2 rda
|
| 505 |
0 |
|
|a Basic Concepts -- Conservation Laws -- Critical Flow -- Uniform Flow -- Gradually Varied Flow -- Computation Of Gradually Varied Flow -- Rapidly Varied Flow -- Computation of Rapidly Varied Flow -- Channel Design -- Special Topics -- Unsteady Flow -- Governing Equations For One-Dimensional Flow -- Numerical Methods -- Finite-Difference Methods -- Two-Dimensional Flow -- Sediment Transport -- Special Topics.
|
| 520 |
|
|
|a Analysis of open-channel flow is essential for the planning, design, and operation of water-resource projects. The use of computers and the availability of efficient computational procedures has simplified such analysis and made it possible to handle increasingly complex systems. In Open-Channel Flow, Second Edition, author Hanif Chaudhry draws upon years of practical experience and incorporates numerous examples and real life applications to provide the reader with: Numerous applications of efficient solution techniques, computational procedures, and numerical methods suitable for computer analyses; Comprehensive coverage of steady and unsteady flow techniques; New and updated chapters on sediment transport, uniform flow, two dimensional flow techniques and other topics; Updated and new problem sets and exercises; A detailed solutions manual is available to instructors assigning this text as the primary book in the course. Open-Channel Flow, Second Edition is written for advanced undergraduate and graduate courses that covers both steady and unsteady open-channel flow.
|
| 650 |
|
0 |
|a Engineering.
|
| 650 |
|
0 |
|a Computational intelligence.
|
| 650 |
|
0 |
|a Fluid mechanics.
|
| 650 |
|
0 |
|a Civil engineering.
|
| 650 |
|
0 |
|a Engineering geology.
|
| 650 |
|
0 |
|a Engineering
|x Geology.
|
| 650 |
|
0 |
|a Foundations.
|
| 650 |
|
0 |
|a Hydraulics.
|
| 650 |
|
0 |
|a Water pollution.
|
| 650 |
1 |
4 |
|a Engineering.
|
| 650 |
2 |
4 |
|a Geoengineering, Foundations, Hydraulics.
|
| 650 |
2 |
4 |
|a Engineering Fluid Dynamics.
|
| 650 |
2 |
4 |
|a Civil Engineering.
|
| 650 |
2 |
4 |
|a Waste Water Technology / Water Pollution Control / Water Management / Aquatic Pollution.
|
| 650 |
2 |
4 |
|a Computational Intelligence.
|
| 710 |
2 |
|
|a SpringerLink (Online service)
|
| 773 |
0 |
|
|t Springer eBooks
|
| 776 |
0 |
8 |
|i Printed edition:
|z 9780387301747
|
| 856 |
4 |
0 |
|u http://dx.doi.org/10.1007/978-0-387-68648-6
|z Full Text via HEAL-Link
|
| 912 |
|
|
|a ZDB-2-ENG
|
| 950 |
|
|
|a Engineering (Springer-11647)
|